000
00308nam a22000977a 4500
008
200907b ||||| |||| 00| 0 eng d
100
_a
H. R. Harmer Auctions
245
_a
Bert Boonstra Coll. of the Pan-American Exposition (auction#3023 Oct 2018)
260
_b
H.R. Harmer
_c
2018
650
_a
Pan American Expositon
999
_c
3088
_d
3088